El recurso de reposición: tratamiento en el derecho procesal vigente y el proyecto de reforma procesal civil

Đã lưu trong:
Chi tiết về thư mục
Tác giả chính: Ezurmendia Alvarez, Jesús Ignacio (Tác giả)
Nhiều tác giả của công ty: Universidad de Chile (Tác giả), Facultad de Ciencias Jurídicas y Sociales (Tác giả), Escuela de Derecho (Tác giả)
Định dạng: Sách
Ngôn ngữ:Tiếng Tây Ban Nha
Được phát hành: Santiago Libromar 2014
Phiên bản:1a. ed
Những chủ đề:
Các nhãn: Thêm thẻ
Không có thẻ, Là người đầu tiên thẻ bản ghi này!

MARC

LEADER 00000cam a2200000 a 4500
001 UCE5220
003 CL-VaPUC
008 141211e20140000cl |||||||||||||||||spa|d
020 |a 9789567890286 
082 0 4 |a 347.83077  |b EZU  |2 21 
100 0 |a Ezurmendia Alvarez, Jesús Ignacio  |e author  |9 577739 
110 2 |a Universidad de Chile  |e author  |9 577740 
710 2 |a Facultad de Ciencias Jurídicas y Sociales  |e author  |9 577741 
710 2 |a Escuela de Derecho  |e author  |9 577742 
245 1 3 |a El recurso de reposición: tratamiento en el derecho procesal vigente y el proyecto de reforma procesal civil 
250 |a 1a. ed 
300 |a 238 p 
942 |c BK 
945 |d 20141211 14:14:00  |a arojas 
260 |a Santiago  |b Libromar  |c 2014 
650 0 |a Recursos procesales  |9 255595 
650 7 |a RECURSOS DE REPOSICION  |2 CL-VaPUC  |9 539073 
650 7 |a RECURSOS DE APELACION  |2 CL-VaPUC  |9 577743 
650 0 |a Recurso de protección   |9 255487 
650 0 |a Derecho procesal penal  |9 255496 
650 0 |a Reforma procesal  |9 456464 
583 |a last modification  |c 20161004 05:09:53  |k Rodrigo Vera 
999 |c 357982  |d 357980 
952 |0 0  |1 0  |3 erb  |4 0  |6 347_830770000000000_EZU_2014  |7 0  |8 A  |9 466184  |a BIBDER  |b BIBDER  |i 5129532  |o 347.83077 EZU 2014  |p 5129532  |r 2023-01-25  |w 2019-11-23  |y BK  |z Catalogado en:20141211  |k DER